Cricket Statistics - Test Batsmen - Statistics

General Stats
  • This quiz has been taken 2,312 times
    2,310 since last reset
  • The average score is 6 of 10
Answer Stats
Hint Answer % Correct
6) ENG A.N Cook
81%
9) RSA H.M Amla
73%
3) RSA J.H Kallis
73%
2) RSA A.B de Villiers
72%
1) WI S. Chanderpaul
68%
8) AUS M.J Clarke
66%
4) PKN Y. Khan
51%
10) NZ R.L Taylor
49%
5) SL K. Sangakarra
36%
7) SL T.T Samaraweera
12%
No matching quizzes found
Score Distribution
Percent of People with Each Score
Percentile by Number Answered
Your Score History
You have not taken this quiz since the last reset